Faculty of Law Library — Cairo University

Official Online Catalog

La mission méconnue de la justice pénale / (Record no. 71324)

MARC details
000 -LEADER
fixed length control field 00963nam a2200301 i 4500
003 - CONTROL NUMBER IDENTIFIER
control field EG-GICUC
005 - DATE AND TIME OF LATEST TRANSACTION
control field 20260416082702.0
008 - FIXED-LENGTH DATA ELEMENTS--GENERAL INFORMATION
fixed length control field 260416s1956 fr ||||fr|||| 00| 0 fre d
040 ## - CATALOGING SOURCE
Original cataloging agency EG-GiCUC
Language of cataloging fre
Transcribing agency EG-GiCUC
Modifying agency EG-GiCUC
Description conventions Rda
041 ## - LANGUAGE CODE
Language code of text/sound track or separate title fre
082 04 - DEWEY DECIMAL CLASSIFICATION NUMBER
Edition number 21
Classification number 343.741
Item number RI . M
092 04 - LOCALLY ASSIGNED DEWEY CALL NUMBER (OCLC)
Edition number 21
099 ## - LOCAL FREE-TEXT CALL NUMBER (OCLC)
Classification number Law1 10 343.741 RI . M 1956
100 1# - MAIN ENTRY--PERSONAL NAME
Personal name Richard, André
Relator term Auteur
245 13 - TITLE STATEMENT
Title La mission méconnue de la justice pénale /
Statement of responsibility, etc. Par André Richard.
264 #1 - PRODUCTION, PUBLICATION, DISTRIBUTION, MANUFACTURE, AND COPYRIGHT NOTICE
Place of production, publication, distribution, manufacture Paris :
Name of producer, publisher, distributor, manufacturer Éditions du Levain,
Date of production, publication, distribution, manufacture, or copyright notice 1965.
300 ## - PHYSICAL DESCRIPTION
Extent 93 pages ;
Dimensions 24 cm.
336 ## - CONTENT TYPE
Source rda contenu
Content type term texte
337 ## - MEDIA TYPE
Source rda medias
Media type term Ordinateur
338 ## - CARRIER TYPE
Source transporteur rda
Carrier type term Ressource en ligne
490 ## - SERIES STATEMENT
Series statement Recoupements chrétiens dans les sciences et dans les arts
546 ## - LANGUAGE NOTE
Language note Texte en français
650 1# - SUBJECT ADDED ENTRY--TOPICAL TERM
Topical term or geographic name entry element Droit pénal
650 1# - SUBJECT ADDED ENTRY--TOPICAL TERM
Topical term or geographic name entry element justice pénale
856 40 - ELECTRONIC LOCATION AND ACCESS
Uniform Resource Identifier <a href="https://fll.law.cu.edu.eg/fulltext/bks/B10-09225.pdf">https://fll.law.cu.edu.eg/fulltext/bks/B10-09225.pdf</a>
905 ## - Cataloger and Reviser Names
Cataloger Name: Gomana
942 ## - ADDED ENTRY ELEMENTS (KOHA)
Source of classification or shelving scheme Dewey Decimal Classification
Suppress in OPAC No
Koha item type Books
Edition 21
Holdings
Withdrawn status Lost status Source of classification or shelving scheme Damaged status Not for loan Collection Home library Current library Date acquired Total checkouts Full call number Barcode Date last seen Copy number Price effective from Koha item type
    Dewey Decimal Classification   Not for loan القانون الجنائي جــــامعة القــاهرة مكتبة كلية الحقوق - المبنى الرئيسي 16.04.2026   Law1 10 343.741 RI . M 1956 1009225 C1 B10-09225 16.04.2026 1 16.04.2026 Books

© All rights reserved — Faculty of Law, Cairo University